|
|
|
|
| LEADER |
01709nam a2200445 a 4500 |
| 001 |
000775874 |
| 003 |
CZ BrMZK |
| 005 |
20081009122105.0 |
| 007 |
ta |
| 008 |
050524s2005 xr a cr 000 0 cze d |
| 015 |
|
|
|a cnb001531785
|
| 020 |
|
|
|a 80-252-0148-1
|q (brož.)
|
| 035 |
|
|
|a (OCoLC)85152742
|
| 040 |
|
|
|a BOA001
|b cze
|
| 041 |
1 |
|
|a cze
|h eng
|
| 072 |
|
7 |
|a 821-93
|x Literatura pro děti a mládež (beletrie)
|2 Konspekt
|9 26
|
| 072 |
|
7 |
|a 72
|x Architektura
|2 Konspekt
|9 21
|
| 080 |
|
|
|a 72
|2 MRF
|
| 080 |
|
|
|a (0.053.2)
|2 MRF
|
| 080 |
|
|
|a (0.062)
|2 MRF
|
| 100 |
1 |
|
|a Cox, Michael,
|d 1949-
|7 xx0005114
|4 aut
|
| 245 |
1 |
0 |
|a Závratná architektura /
|c Michael Cox ; ilustroval Mike Phillips ; [z anglickégo originálu přeložil a upravil Jan Pipek]
|
| 250 |
|
|
|a 1. vyd.
|
| 260 |
|
|
|a V Praze :
|b Egmont ČR,
|c 2005
|
| 300 |
|
|
|a 157 s. :
|b il.
|c 20 cm
|
| 490 |
1 |
|
|a Děsivé umění
|
| 500 |
|
|
|a Obálkový podnázev: O čem se vám učitelé neodvažují říct
|
| 500 |
|
|
|a Dostupné též v digitální podobě v aplikaci Kramerius
|
| 650 |
0 |
7 |
|a architektura
|7 ph118586
|2 czenas
|
| 655 |
|
7 |
|a publikace pro děti
|7 fd133156
|2 czenas
|
| 655 |
|
7 |
|a populárně-naučné publikace
|7 fd131864
|2 czenas
|
| 700 |
1 |
|
|a Phillips, Mike,
|d 1961-
|7 xx0026583
|4 ill
|
| 700 |
1 |
|
|a Pipek, Jan
|7 xx0031467
|4 trl
|
| 765 |
0 |
|
|t Knowledge: mind boggling buildings
|9 Česky
|
| 830 |
|
0 |
|a Děsivé umění
|0 s
|
| 856 |
4 |
1 |
|u http://www.digitalniknihovna.cz/mzk/uuid/uuid:31691920-4b35-11e6-ab2f-005056827e52
|y Digitalizovaný dokument
|x NDK
|
| 910 |
|
|
|a BOA001
|b 1-1152.898
|
| 990 |
|
|
|a BK
|
| 991 |
|
|
|b 200507
|c NOV
|
| 996 |
6 |
|
|b 2610253274
|c 1-1152.898
|l MZK
|r Sklad / do 1 hodiny
|n 5
|p p.v.
|w 000775874
|u 000010
|a 1
|e BOA001
|j MZK50
|s P
|